Emerging Technologies in Computing Third EAI International Conference, iCETiC 2020, London, UK, August 19–20, 2020, Proceedings /

This book constitutes the refereed conference proceedings of the Third International Conference on Emerging Technologies in Computing, iCEtiC 2020, held in London, UK, in August 2020. Due to VOVID-19 pandemic the conference was helt virtually.The 25 revised full papers were reviewed and selected fro...

Full description

Corporate Author: SpringerLink (Online service)
Other Authors: Miraz, Mahdi H. (Editor, http://id.loc.gov/vocabulary/relators/edt), Excell, Peter S. (Editor, http://id.loc.gov/vocabulary/relators/edt), Ware, Andrew. (Editor, http://id.loc.gov/vocabulary/relators/edt), Soomro, Safeeullah. (Editor, http://id.loc.gov/vocabulary/relators/edt), Ali, Maaruf. (Editor, http://id.loc.gov/vocabulary/relators/edt)
Language:English
Published: Cham : Springer International Publishing : Imprint: Springer, 2020.
Edition:1st ed. 2020.
Series:Lecture Notes of the Institute for Computer Sciences, Social Informatics and Telecommunications Engineering, 332
Subjects:
Online Access:https://doi.org/10.1007/978-3-030-60036-5
LEADER 05777nam a22005175i 4500
001 978-3-030-60036-5
003 DE-He213
005 20210623113457.0
007 cr nn 008mamaa
008 200928s2020 gw | s |||| 0|eng d
020 |a 9783030600365  |9 978-3-030-60036-5 
024 7 |a 10.1007/978-3-030-60036-5  |2 doi 
050 4 |a TK5105.5-5105.9 
072 7 |a UKN  |2 bicssc 
072 7 |a COM075000  |2 bisacsh 
072 7 |a UKN  |2 thema 
082 0 4 |a 004.6  |2 23 
245 1 0 |a Emerging Technologies in Computing  |h [electronic resource] :  |b Third EAI International Conference, iCETiC 2020, London, UK, August 19–20, 2020, Proceedings /  |c edited by Mahdi H. Miraz, Peter S. Excell, Andrew Ware, Safeeullah Soomro, Maaruf Ali. 
250 |a 1st ed. 2020. 
264 1 |a Cham :  |b Springer International Publishing :  |b Imprint: Springer,  |c 2020. 
300 |a XIX, 330 p. 130 illus., 103 illus. in color.  |b online resource. 
336 |a text  |b txt  |2 rdacontent 
337 |a computer  |b c  |2 rdamedia 
338 |a online resource  |b cr  |2 rdacarrier 
347 |a text file  |b PDF  |2 rda 
490 1 |a Lecture Notes of the Institute for Computer Sciences, Social Informatics and Telecommunications Engineering,  |x 1867-8211 ;  |v 332 
505 0 |a Cloud Forensic Analysis on pCloud: from Volatile Memory Perspectives -- CALIPER: A Coarse Grain Parallel Performance Estimator and Predictor -- 3 Integration of Safety Means with Functions of Blockchain in Multi-layered Architecture of IoT for Safer Data Transmission Procedures -- Amazon Web Services (AWS) – An Overview of the On-Demand Cloud Computing Platform Security, Wireless Sensor Networks and Internet of Things (IoT) -- SIoT: Secure IoT Framework for Smart Environments -- Review of Hybrid Control Designs for Underactuated Quadrotor with Unmodelled Dynamic Factors -- A Review of Underwater Acoustic, Electromagnetic and Optical Communications -- Optically Inspired Cryptography and Cryptanalysis: A Survey and Research Directions -- Sentiment Analysis of Turkish Twitter Data using Polarity Lexicon and Artificial Intelligence -- Big Data Analytics in Healthcare: A Review of Opportunities and Challenges -- A Multi-Level Consensus Clustering Framework for Customer Choice Modelling in Travel Industry -- Bangla Speech Recognition using 1D-CNN and LSTM with Different Dimension Reduction Techniques -- Comparative Analysis of Dimension Reduction Techniques over Classification Algorithms for Speech Emotion Recognition -- Investigations on Performances of Pre-trained U-Net Models for 2D Ultrasound Kidney Image Segmentation -- Development of Hierarchical Attention Network based Architecture for Cloze-style Question Answering -- An ARIMA-LSTM Correlation Coefficient based Hybrid Model for Portfolio Management of Dhaka Stock Exchange -- The Combination Of Attention Sub-Convnet And Triplet Loss For Pulmonary Nodule Detection In CT Images -- A Review on Steel Surface Image Features Extraction and Representation Methods -- Parameterization of an Agent-Based Model of spatial distribution of species -- Emerging Technologies in Engineering Education and Sustainable Development -- A Survey on the Use of e-Portfolios as a Form of As-sessment in Online Computer Science Courses -- Design for medical simulation: guidelines and visioning for a new model of education -- Design and Implementation of an E-Notice Board using a NodeMCU -- A study of the impacts of technological innovations on cooperation cases -- Possibilities of building company’s reputation with the support of digital marketing tools – a case study -- Developing an Interactive Mathematical Learning Me-dia based on the TPACK Framework Using the Haw-gent Dynamic Mathematics Software. 
520 |a This book constitutes the refereed conference proceedings of the Third International Conference on Emerging Technologies in Computing, iCEtiC 2020, held in London, UK, in August 2020. Due to VOVID-19 pandemic the conference was helt virtually.The 25 revised full papers were reviewed and selected from 65 submissions and are organized in topical sections covering blockchain and cloud computing; security, wireless sensor networks and IoT; AI, big data and data analytics; emerging technologies in engineering, education and sustainable development. 
650 0 |a Computer communication systems. 
650 1 4 |a Computer Communication Networks.  |0 https://scigraph.springernature.com/ontologies/product-market-codes/I13022 
700 1 |a Miraz, Mahdi H.  |e editor.  |0 (orcid)0000-0002-6795-7048  |1 https://orcid.org/0000-0002-6795-7048  |4 edt  |4 http://id.loc.gov/vocabulary/relators/edt 
700 1 |a Excell, Peter S.  |e editor.  |0 (orcid)0000-0002-7602-2957  |1 https://orcid.org/0000-0002-7602-2957  |4 edt  |4 http://id.loc.gov/vocabulary/relators/edt 
700 1 |a Ware, Andrew.  |e editor.  |0 (orcid)0000-0002-9354-5039  |1 https://orcid.org/0000-0002-9354-5039  |4 edt  |4 http://id.loc.gov/vocabulary/relators/edt 
700 1 |a Soomro, Safeeullah.  |e editor.  |0 (orcid)0000-0001-5571-1262  |1 https://orcid.org/0000-0001-5571-1262  |4 edt  |4 http://id.loc.gov/vocabulary/relators/edt 
700 1 |a Ali, Maaruf.  |e editor.  |0 (orcid)0000-0001-9906-5004  |1 https://orcid.org/0000-0001-9906-5004  |4 edt  |4 http://id.loc.gov/vocabulary/relators/edt 
710 2 |a SpringerLink (Online service) 
773 0 |t Springer Nature eBook 
776 0 8 |i Printed edition:  |z 9783030600358 
776 0 8 |i Printed edition:  |z 9783030600372 
830 0 |a Lecture Notes of the Institute for Computer Sciences, Social Informatics and Telecommunications Engineering,  |x 1867-8211 ;  |v 332 
856 4 0 |u https://doi.org/10.1007/978-3-030-60036-5 
912 |a ZDB-2-SCS 
912 |a ZDB-2-SXCS 
912 |a ZDB-2-LNS 
950 |a Computer Science (SpringerNature-11645) 
950 |a Computer Science (R0) (SpringerNature-43710)